Statistiche per Elenca la formazione - Finale Europei 2000

Clicka qui per fare il quiz!

Statistiche generali

  • Questo quiz è stato fatto 25 volte
  • Il punteggio medio è 13 su 22

Statistiche sulle risposte

RuoloClub dell'epocaCalciatore% Corretto
DifensoreParmaFabio Cannavaro
100%
AttaccanteRomaFrancesco Totti
100%
DifensoreLazioAlessandro Nesta
96%
TrequartistaJuventusZinédine Zidane
96%
PortiereFiorentinaFrancesco Toldo
92%
AlaArsenalThierry Henry
92%
DifensoreParmaLilian Thuram
88%
PortiereMonacoFabien Barthez
83%
CentrocampistaArsenalPatrick Vieira
79%
AttaccanteRomaMarco Delvecchio
58%
CentrocampistaMilanPaolo Maldini
54%
DifensoreInterLaurent Blanc
50%
CentrocampistaMilanDemetrio Albertini
46%
CentrocampistaJuventusGianluca Pessotto
46%
DifensoreChelseaMarcel Desailly
38%
CentrocampistaInterLuigi Di Biagio
33%
DifensoreJuventusMark Iuliano
29%
TrequartistaUdineseStefano Fiore
29%
CentrocampistaChelseaDidier Deschamps
17%
AttaccanteBordeauxChristophe Dugarry
13%
AlaKaiserslauternYouri Djorkaeff
13%
DifensoreBayern MonacoBixente Lizarazu
4%

Distribuzione punteggi

Percentile per numero di risposta

Percentuale di utenti per punteggio

I tuoi punteggi nel tempo

Non hai fatto questo quiz